Quick Pick: 'Best Original Song' Oscars Quiz Stats

 Plays Quiz Updated Sep 18, 2016

Challenge
Share
Tweet
Embed
Score 0/22 Timer 01:30
1 Play Today
% Correct
Later
93.9%
Wish
93.4%
Time
93.4%
Cold
92.9%
World
92.2%
Tonight
92.1%
Heart
91.8%
Light
91.4%
Raindrops
91.4%
Were
89.9%
Chim
89.2%
% Correct
Talk
88.7%
Feeling
88.3%
Whatever
87.8%
Thanks
86.5%
Three
82%
Wine
80.5%
Pimp
80.3%
Say
78.2%
Star
76%
Sunday
73.8%
Broadway
71.2%

Today's Daily Dose

You're not logged in!

Compare scores with friends on all Sporcle quizzes.
Join for Free
OR
Log In

You Might Also Like...

Show Comments

Extras

Top Quizzes Today


Score Distribution

Your Account Isn't Verified!

In order to create a playlist on Sporcle, you need to verify the email address you used during registration. Go to your Sporcle Settings to finish the process.

Report this User

Report this user for behavior that violates our Community Guidelines.

Details: